MSM: Shadow Island (FANMADE) - Statistics

General Stats
  • This quiz has been taken 6 times
  • The average score is 10 of 16
Answer Stats
Hint Answer % Correct
Double (Shadow, Crystal) Boodoo
80%
Single (Plasma) Ghazt
80%
Single (Shadow) Grumpyre
80%
Single (Poison) Humbug
80%
Single (Crystal) Jeeode
80%
Double (Plasma, Shadow) Whisp
80%
Triple (Plasma, Shadow, Poison) Blarret
60%
Single (Primordial Cold) Fandhul
60%
Double (Crystal, Poison) Fung Pray
60%
Double (Plasma, Poison) Jellbilly
60%
Triple (Plasma, Shadow, Crystal) Meebkin
60%
Quad (Plasma, Shadow, Crystal, Poison) Pentumbra
60%
Double (Plasma, Crystal) Sox
60%
Triple (Shadow, Crystal, Poison) X'rt
60%
Triple (Plasma, Crystal, Poison) Flasque
40%
Double (Shadow, Poison) Kazellion
20%
No matching quizzes found
Score Distribution
Percent of People with Each Score
Percentile by Number Answered
Your Score History
You have not taken this quiz